Former Spanish Colonies - Statistics

General Stats
  • This quiz has been taken 337 times
    318 since last reset
  • The average score is 11 of 15
Answer Stats
Year of Independence Country % Correct
1821 Mexico
96%
1816 Argentina
93%
1819 Colombia
93%
1844 Chile
90%
1824 Peru
89%
1898 Cuba
83%
1811 Uruguay
82%
1842 Paraguay
80%
1847 Bolivia
79%
1821 Panama
78%
1898 Philippines
75%
1821 Guatemala
73%
1863 Dominican Republic
68%
1968 Equatorial Guinea
59%
1811 Venezeula
3%
No matching quizzes found
Score Distribution
Percent of People with Each Score
Percentile by Number Answered
Your Score History
You have not taken this quiz since the last reset